000
00338nam a2200121Ia 4500
008
231129s9999||||xx |||||||||||||| ||spa||
020
_a
84-226-1805-2 ( v.1)
040
_b
spa
082
_a
R 036.1 G748
245
0
_a
Gran Enciclopedia Ilustrada Circulo
264
_a
Circulo de Lectores.
942
_2
ddc
_c
BKS
999
_c
14609
_d
14609